| 000 | 00877cab a2200253 4500 | ||
|---|---|---|---|
| 001 | ABS57337 | ||
| 008 | 090401t1997 xxu||||| |||| 00| 0 eng d | ||
| 035 | _a(Sirsi) u79586 | ||
| 041 | _aeng | ||
| 100 | _aTrembath, R. | ||
| 245 | _aConstruction cost estimating in China | ||
| 260 | _c1997 | ||
| 350 | _a0 | ||
| 490 |
_aBuilding Economist _vJune 1997, 22-27(6) |
||
| 520 | _aExplains how the Chinese construction industry is characterised by work assigned and financed by the government. Details the state controlled cost estimating system giving examples of cost components of a typical construction project. References. | ||
| 650 | _aBUILT ENVIRONMENT-BUILDING COSTS | ||
| 650 | _aCHINA | ||
| 650 | _aCONSTRUCTION INDUSTRY | ||
| 650 | _aCOST ESTIMATING | ||
| 690 | _aOVERSEAS-REST OF THE WORLD | ||
| 700 | _aZhang, R. | ||
| 942 | _n0 | ||
| 948 | _c11/07/1997 | ||
| 999 |
_c50047 _d50047 |
||